00375nam a2200133Ia 4500008004100000100004300041245008200084250001200166260001500178300000800193650001600201942000700217999001700224190216s9999||||xx |||||||||||||| ||und|| aKunhikkannan And Cp Janardhanan Pillay 0aMechanic &statistics Abc Series In Mathematics For 3rd Year Bsc Mathematics a1st Ed. bNullc1983 a184 aMathematics cBK c31279d31279